000 00288nam a2200121Ia 4500
005 20251222155155.0
008 251222s9999||||xx |||||||||||||| ||spa||
082 _aNUT. 17
100 _aIPSS.
245 0 _aProtocolo de Alimentación Complement.al Niño
264 _bIPSS
942 _cLIB
999 _c39727
_d39727